| 000 | 01114nam a2200241 4500 | ||
|---|---|---|---|
| 005 | 20160822160511.0 | ||
| 008 | 160822s1879 xxu ||||r|||| 00| 0 ara d | ||
| 040 |
_aCO-BoUCM _bspa _cSandra Yazo _dSandra Yazo |
||
| 082 | 0 | 4 |
_220 _a226 |
| 092 | _aE40N137 | ||
| 110 | 2 |
_aAmerican missionaries _979026 |
|
| 242 | 0 | 0 |
_aLos cuatro evangelios en arabe _btraducidos desde el griego _cpor los Misioneros americanos _yspa |
| 245 | 1 | 0 |
_aThe four gospels in arabic _btranslated from the greek _cby American missionaries |
| 260 |
_aNew York [Nueva York] (Estado Unidos) _bAmerican Bible Society _c1879 |
||
| 300 |
_a[175] páginas _c25 x 18 cm |
||
| 500 | _aDetalles físicos: Encuadernación rígida en cartón forrada en tela texturizada. Tapas con recuadros repujados. Guardas. Portada impresa en una sola tinta, en inglés, texto en árabe, párrafos numerados y enmarcados. Ejemplar en buen estado de conservación | ||
| 506 | _aConsulta en sala | ||
| 546 | _aTexto en arabe | ||
| 630 |
_aBiblia _94831 |
||
| 650 | 7 |
_915347 _aEvangelios |
|
| 690 |
_aTeología _925230 |
||
| 942 |
_2LOCAL _cLIBRO _e1 _hE40N137 |
||
| 999 |
_c304298 _d304298 |
||